| 000 | 00796 a2200169 4500 | ||
|---|---|---|---|
| 003 | Nust | ||
| 005 | 20221208120701.0 | ||
| 040 | _cNust | ||
| 082 | _a530.41,KIT | ||
| 100 |
_aKittel, Charles. _934447 |
||
| 245 |
_aElementary solid state physics; _ba short course. _cKittel, Charles. |
||
| 260 |
_aNew York _b Wiley _c[1962] |
||
| 300 |
_a339 p. _billus. 24 cm. |
||
| 505 | _aCrystal Structure (Page-1), Diffraction of Waves By Crystals (Page-29), Thermal Properties of solids (Page-45), Dielectric Properties (Page-69), Free electron Model of Metals (Page-106), Band Theory of Solids (Page-143), Semiconductors Physics and Devises (Page-199), Magnetism and Magnetic Resonance (Page-251), Dislocations Strength of Solids (Page-305). | ||
| 650 |
_a solid state physics; _934429 |
||
| 942 |
_2ddc _cBK |
||
| 999 |
_c180833 _d180833 |
||